Ako rozpoznať konflikty
Tri základné skupiny konfliktov - vnútorné, tzv. intrapersonálne, medziosobnostné a medziskupinové. Štyri základné modifikácie vnútorného konfliktu. Pokračovanie témy v ďalšom čísle.
Guardado en:
| Autor principal: | |
|---|---|
| Formato: | Capítulo de libro |
| Lenguaje: | eslovaco |
| Materias: | |
| Etiquetas: |
Sin Etiquetas, Sea el primero en etiquetar este registro!
|
MARC
| LEADER | 00000naa a2200000 4500 | ||
|---|---|---|---|
| 001 | r046513 | ||
| 005 | 20240502071341.3 | ||
| 041 | 0 | |a slo | |
| 044 | |a SK | ||
| 245 | 1 | 0 | |a Ako rozpoznať konflikty |c Hana Adamková |
| 520 | |a Tri základné skupiny konfliktov - vnútorné, tzv. intrapersonálne, medziosobnostné a medziskupinové. Štyri základné modifikácie vnútorného konfliktu. Pokračovanie témy v ďalšom čísle. | ||
| 610 | 2 | 0 | |a konflikty |
| 610 | 2 | 0 | |a psychológia riadenia |
| 610 | 2 | 0 | |a manažéri |
| 100 | 1 | |a Adamková, Hana, 1969- | |